Normal view
MARC view
Entry Uniform Title
001 - CONTROL NUMBER
- control field: 12110
003 - CONTROL NUMBER IDENTIFIER
- control field: BD-RjUL
005 - DATE AND TIME OF LATEST TRANSACTION
- control field: 20240306130018.0
008 - FIXED-LENGTH DATA ELEMENTS
- fixed length control field: 240306|| aca||aabn | a|a d
040 ## - CATALOGING SOURCE
- Original cataloging agency: BD-RjUL
- Transcribing agency: BD-RjUL
130 ## - HEADING--UNIFORM TITLE
- Uniform title: سلسلۀ مطبوعات پاكستان هسطاريكل سوسائطى ؛
670 ## - SOURCE DATA FOUND
- Source citation: Work cat.: (BD-RjUL)83253: Rangin, Saadat Yarkhan ;; رنگين، سعادت يارخان 12108, اخبار رنگين :Akhbar Rangin:, ١٩٦٢.